000 00307nam a22001337a 4500
008 170613b xxu||||| |||| 00| 0 eng d
020 _a2901568029138
041 _aeng
080 _25 ED
_a32
100 _a19
101 _aSHP
245 _aAMERICAN POLITICAL THROUGHT
_cDOLBEARE.K.M
942 _2udc
_cBK
999 _c17234
_d17234